Educación, escuela y transformación social: construyendo una ciudadanía crítica
Na minha lista:
| Principais autores: | , |
|---|---|
| Formato: | Livro |
| Idioma: | espanhol |
| Publicado em: |
Valparaíso
Ediciones Universitarias de Valparaíso
2014
|
| Edição: | 2a. ed |
| Assuntos: | |
| Tags: |
Adicionar Tag
Sem tags, seja o primeiro a adicionar uma tag!
|
MARC
| LEADER | 00000cam a2200000 a 4500 | ||
|---|---|---|---|
| 001 | UCD1128 | ||
| 003 | CL-VaPUC | ||
| 008 | 160107e20140000cl |||||||||||||||||spa|d | ||
| 020 | |a 9789561706514 | ||
| 082 | 0 | 4 | |a 370.115 |b MOR |2 21 |
| 100 | |a Moreno Doña, Alberto |e autor |9 863166 | ||
| 700 | 0 | |a Arancibia Herrera, Marcelo |e author |9 584220 | |
| 245 | 1 | 0 | |a Educación, escuela y transformación social: construyendo una ciudadanía crítica |
| 250 | |a 2a. ed | ||
| 300 | |a 159 p | ||
| 942 | |c BK | ||
| 945 | |d 20160107 17:53:00 |a arojas | ||
| 260 | |a Valparaíso |b Ediciones Universitarias de Valparaíso |c 2014 | ||
| 650 | 0 | |a Filosofía de la educación |9 258384 | |
| 650 | 0 | |a Cambio social |9 256857 | |
| 650 | 0 | |a Participación ciudadana |9 330304 | |
| 650 | 7 | |a MOVIMIENTO ESTUDIANTIL |2 CL-VaPUC |9 527017 | |
| 650 | 0 | |a Democracia |9 255256 | |
| 583 | |a last modification |c 20160107 17:53:00 |k Rodrigo Vera | ||
| 999 | |c 362543 |d 362541 | ||
| 952 | |0 0 |1 0 |3 erb |4 0 |6 370_115000000000000_MOR_2014 |7 0 |8 A |9 473843 |a BIBEDU |b BIBEDU |i 5260817 |o 370.115 MOR 2014 |p 5260817 |r 2019-11-24 |w 2019-11-24 |y BK |z Catalogado en:20160107 |k LIT | ||
| 952 | |0 0 |1 0 |3 erb |4 0 |6 370_115000000000000_MOR_2014 |7 0 |8 A |9 473844 |a BIBEDU |b BIBEDU |i 5260825 |o 370.115 MOR 2014 |p 5260825 |r 2019-11-24 |w 2019-11-24 |y BK |z Catalogado en:20160107 |k LIT | ||
| 952 | |0 0 |1 0 |3 erb |4 0 |6 370_115000000000000_MOR_2014 |7 0 |8 A |9 473845 |a BIBEDU |b BIBEDU |i 5260833 |l 1 |o 370.115 MOR 2014 |p 5260833 |r 2023-05-15 |s 2023-05-02 |w 2019-11-24 |y BK |z Catalogado en:20160107 |k LIT | ||